000 00417nam a2200169Ia 4500
005 20250423100829.0
008 250422s9999 xx 000 0 und d
020 _a978-0-309-10039-7
050 _aHC 106.83 .R57/
245 0 _aRising Above The Gathering Storm
260 _awashington D.C.
260 _bThe National Academies Press
260 _c2006
300 _a564 p
650 _aEconomics
942 _cBK
999 _c34468
_d34468